| 000 -CABECERA |
| Longitud fija campo de control |
00908nam a2200193 a 4500 |
| 001 - NÚMERO DE CONTROL |
| Número de control |
3675 |
| 003 - IDENTIFICADOR DEL NÚMERO DE CONTROL |
| Identificador del número de control |
CDMR |
| 005 - FECHA Y HORA DE LA ÚLTIMA TRANSACCIÓN |
| Fecha y hora de la última transacción |
20131212123428.0 |
| 008 - CÓDIGOS DE INFORMACIÓN DE LONGITUD FIJA |
| Códigos de información de longitud fija |
130130s1999||||||||||||||||||||||||||||d |
| 040 ## - FUENTE DE LA CATALOGACIÓN |
| Centro catalogador de origen |
CDMR |
| Lengua de catalogación |
cat |
| Centro transcriptor |
CDMR |
| 110 2# - PUNTO DE ACCESO PRINCIPAL-NOMBRE DE ENTIDAD CORPORATIVA |
| Nombre de entidad corporativa o nombre de jurisdicción como elemento inicial |
Centre d'Estudis d'Informació Ambiental |
| 9 (RLIN) |
2618 |
| 245 13 - MENCIÓN DE TÍTULO |
| Título |
Un nou model de comunicació ambiental per a Europa |
| Resto del título |
: del consum a l'ús de la informació |
| Mención de responsabilidad, etc. |
elaborat per l'Agencia Europea de Medi Ambient |
| 260 ## - PUBLICACIÓN, DISTRIBUCIÓN, ETC. (PIE DE IMPRENTA) |
| Lugar de publicación, distribución, etc. |
Barcelona |
| Fecha de publicación, distribución, etc. |
1999 |
| Nombre del editor, distribuidor, etc. |
Institut Català de Tecnologia. Centre d'Estudis d'Informació Ambiental |
| 300 ## - DESCRIPCIÓN FÍSICA |
| Extensión |
69 p. |
| Dimensiones |
30 cm |
| 500 ## - NOTA GENERAL |
| Nota general |
Traducció de : A new model of environmental communication for Europe from consumption to use of information / European Environment Agency |
| 650 04 - PUNTO DE ACCESO ADICIONAL DE MATERIA - TÉRMINO DE MATERIA |
| 9 (RLIN) |
2077 |
| Término de materia o nombre geográfico como elemento inicial |
Mitjans de comunicació de massa i medi ambient |
| 856 40 - LOCALIZACIÓN Y ACCESO ELECTRÓNICO |
| Identificador Uniforme del Recurso (URI) |
<a href="http://www.eea.europa.eu/publications/92-9167-125-8">http://www.eea.europa.eu/publications/92-9167-125-8</a> |
| Texto del enlace |
Disponible en línia (en anglès) |
| 942 ## - ENTRADA DE ELEMENTOS AGREGADOS (KOHA) |
| Koha [por defecto] tipo de item |
Monografies |
| Fuente de clasificaión o esquema |
|